[Event "KAZ-ch Women 2019"]
[Site "Almaty"]
[Date "2019.04.25"]
[Round "5.2"]
[White "Serikbay, Assel"]
[Black "Nakhbayeva, Guliskhan"]
[Result "0-1"]
[WhiteElo "2155"]
[BlackElo "2303"]
[Annotator "TA"]
[PlyCount "132"]
[EventDate "2019.04.21"]
[EventType "tourn"]
[EventCountry "KAZ"]
[SourceTitle "playchess.com"]
[Source "ChessBase"]
[SourceQuality "1"]

{[%evp 20,132,20,16,22,22,13,13,13,13,13,13,23,12,18,10,10,16,16,8,22,0,18,16,16,12,22,3,3,0,0,0,2,3,3,0,0,0,0,0,0,-52,-27,-19,-18,-91,-79,-83,-82,-94,-29,-34,0,-74,0,-24,0,0,22,14,21,20,9,0,0,0,0,0,0,0,0,-4,0,-9,0,0,0,0,0,0,0,0,0,0,0,0,0,0,0,0,0,0,12,15,12,0,0,0,162,152,332,323,418,0,0,0,0,0,0,0,0,0,0,-29984,-29985]} 1. d4 Nf6 2. c4 e6 3. g3 d5 4. Nf3 dxc4 5. Bg2 c5 6. O-O Nc6 7. dxc5 Qxd1 8. Rxd1 Bxc5 9. Nbd2 c3 10. bxc3 O-O 11. Nb3 Be7 {E04: Open Catalan: 5 Nf3} 12. Bb2 Bd7 13. c4 Rfd8 {The position is equal.} 14. Nfd4 Rac8 (14... Rab8 15. Nxc6 Bxc6 16. Rxd8+ Rxd8 17. Bxc6 bxc6 18. Bxf6 Bxf6 19. Rc1 g5 20. c5 Kf8 {1-0 (36) Giri,A (2780)-Wojtaszek,R (2749) Shenzhen 2018}) 15. Nb5 b6 16. Nd6 Bxd6 17. Rxd6 Be8 18. Rxd8 Rxd8 {[#]} 19. a4 $146 ({Predecessor:} 19. h3 h6 20. Rc1 Nb4 {½-½ (43) Ju,W (2557)-Guo,Q (2443) China 2015}) 19... h6 20. h3 Nb4 21. Bc3 a5 22. c5 bxc5 $1 23. Bxf6 gxf6 24. Nxa5 Nc2 25. Ra2 Rd1+ 26. Kh2 Nb4 27. Ra3 Rc1 28. Nb7 $1 c4 29. a5 {Threatens to win with a6.} Bb5 {White must now prevent ...c3.} 30. Nd6 (30. a6 $11 Nxa6 31. Nd6) 30... Ba6 $15 31. Ne4 f5 32. Rc3 (32. Nc5 $1 $11 {remains equal.} c3 33. Nxa6 (33. Rb3 $2 c2 $19) 33... Nxa6 34. Bc6) 32... Ra1 $17 33. Nc5 Bb5 34. Nb7 {[#]} Nd5 (34... Rd1 $1 $17 35. g4 fxg4 36. hxg4 Rd2) 35. Rc2 $1 $11 Nb4 36. Rc3 Nd5 37. Rc2 $1 Ra4 38. Nd6 Ba6 {Threatening ...Nb4.} 39. Bxd5 $1 exd5 40. Nxf5 {[%mdl 4096] Endgame KRB-KRN} Kh7 41. e3 Rxa5 42. Nd4 Ra3 43. Ne2 Kg7 44. g4 Kf6 45. Kg3 Ke5 46. Nc3 Rb3 47. Kh4 Kd6 48. g5 hxg5+ 49. Kxg5 Kc5 50. h4 d4 51. Ne4+ Kd5 52. Nf6+ Kc5 {...d3 is the strong threat.} 53. Ne4+ Kd5 54. Nf6+ Ke5 55. f4+ Ke6 56. f5+ Ke5 {And now ...d3 would win.} 57. Ng4+ Ke4 {Hoping for ...d3.} 58. exd4 Kd3 $2 (58... c3 $11) 59. Ra2 $18 c3 $2 (59... Bc8 $16) 60. Rxa6 {KRN-KR} c2 61. Rc6 $2 (61. Nf2+ $18 Kxd4 62. Rd6+ Kc3 63. Ne4+ Kb2 64. Rd2) 61... Rc3 $11 62. Ne5+ {[%mdl 64] Double Attack} Kd2 $1 63. Nf3+ $1 Rxf3 {[#]} 64. Rxc2+ $1 {[%mdl 512]} Kxc2 65. Kf6 $1 Kd3 {( -> ...Ke4)} 66. Ke7 $2 {[%mdl 8192]} (66. Kxf7 $11 Ke4 67. Kg6) 66... Rxf5 {Accuracy: White = 70%, Black = 62%.} 0-1

[Event "KAZ-ch Women 2019"]
[Site "Almaty"]
[Date "2019.04.25"]
[Round "5.3"]
[White "Shauken, Aruzhan"]
[Black "Ankudinova, Yelena"]
[Result "0-1"]
[WhiteElo "1685"]
[BlackElo "2099"]
[Annotator "NA RC"]
[PlyCount "148"]
[EventDate "2019.04.21"]
[EventType "tourn"]
[EventCountry "KAZ"]
[SourceTitle "playchess.com"]
[Source "ChessBase"]
[SourceQuality "1"]
[TimeControl "40/5400+30:1800+30"]

{[%evp 8,148,-10,32767,32767,32767,32767,32767,32767,32767,32767,32767,32767,32767,-77,-87,-113,-71,-92,-156,-154,-160,-166,-167,-45,-142,-143,-138,-135,32767,-151,-151,-125,-163,-155,-154,-131,-139,-136,-176,-189,-189,-193,-189,-139,-191,-198,-144,-146,-155,-77,-147,-146,-135,-96,-98,0,-152,-154,-203,-200,32767,32767,32767,32767,-225,32767,32767,32767,32767,32767,-351,-366,-201,-372,-393,-370,-347,-406,32767,-368,-262,32767,32767,-387,-492,-370,-358,-431,-737,-579,-451,-516,-566,-572,-458,-730,-633,-170,-219,-65,-145,-204,-548,-8,-99,32767,-110,-55,32767,32767,-838,-5057,-1618,-6614,-1971,-7321,-5073,-5300,-5300,-5747,-5065,-29973,-6575,-29977,-6582,-1695,-29981,-29982,-29983,-29974,-29978,-10509,-5057,0,-29972,-9706,-5064,-5270,-10802,-5110,-5142,-5121]} 1. d4 {[%emt 0:00:00]} d5 {[%emt 0:00:00]} 2. c4 {[%emt 0:00:00]} dxc4 {[%emt 0:00:00]} 3. Nf3 {[%emt 0:00:10]} Nf6 {[%emt 0:00:03]} 4. g3 {[%emt 0:00:31]} Nc6 {[%emt 0:00:19]} 5. Bg2 {[%emt 0:02:20]} e5 {[%emt 0:00:30]} 6. Nxe5 {[%emt 0:12:28] D23: Queen's Gambit Accepted: 3 Nf3 Nf6 sidelines} (6. Qa4 Bd7 7. Qxc4 Be6 8. Qa4 e4 9. Ng5 Qxd4 10. Qc2 Nb4 11. Qa4+ Qd7 12. Qxd7+ Bxd7 {0-1 (67) Ezat,M (2466)-Moradiabadi,E (2598) Tromsoe 2014}) 6... Nxe5 {[%emt 0:00:24]} 7. dxe5 {[%emt 0:00:05]} Qxd1+ {[%emt 0:00:11]} 8. Kxd1 {[%emt 0:00:05]} Ng4 {[%emt 0:00:11]} 9. Ke1 {[%emt 0:00:35]} Nxe5 {[%emt 0:00:22]} 10. Bf4 {[%emt 0:01:04]} f6 {[%emt 0:07:36]} 11. Nd2 {[%emt 0:02:09]} Bb4 {[%emt 0:18:51]} 12. Rc1 $146 {[%emt 0:03:14] [#]} ({Predecessor:} 12. Bd5 c6 13. Bxe5 cxd5 {1-0 (38) Wittmann,M (2164)-Huch,R (2239) Bayern 2011}) 12... Be6 $1 {[%emt 0:05:25]} 13. a3 {[%emt 0:21:21] [#]} (13. Bxb7 $142 Rd8 14. Rc2) 13... Ba5 $1 {[%emt 0:07:48]} 14. Kf1 {[%emt 0:02:43]} O-O-O {[%emt 0:04:16]} 15. Ne4 {[%emt 0:01:41]} Ng6 {[%emt 0:10:49]} ({Black should try} 15... Rd5 $19 16. Nc3 Bxc3 17. bxc3 Ra5) 16. Be3 {[%emt 0:05:24]} (16. Nc5 $11 {was the only way to keep the balance.} Bd5 17. Bxd5 Rxd5 18. Rxc4) 16... Bb6 {[%emt 0:00:55]} 17. Bxb6 {[%emt 0:03:04]} axb6 {[%emt 0:00:33]} 18. h4 {[%emt 0:01:02]} h6 {[%emt 0:03:51]} 19. f4 {[%emt 0:05:20]} Rhe8 {[%emt 0:02:19]} 20. h5 {[%emt 0:03:31]} Ne7 {[%emt 0:01:01]} 21. Kf2 {[%emt 0:01:15]} Nc6 {[%emt 0:01:40]} 22. Rhd1 {[%emt 0:06:18]} Nd4 {[%emt 0:02:25]} 23. e3 {[%emt 0:04:35]} Nb3 {[%emt 0:00:16]} 24. Rxd8+ {[%emt 0:00:05]} Rxd8 {[%emt 0:00:22]} 25. Re1 {[%emt 0:00:16]} Bg4 {[%emt 0:06:06]} 26. Bf3 {[%emt 0:02:36]} Bxf3 {[%emt 0:00:27]} 27. Kxf3 {[%emt 0:00:03]} f5 {[%emt 0:03:05]} 28. Nc3 {[%emt 0:00:59]} Rd3 {[%emt 0:01:33]} (28... Rd2 $19 {is more deadly.} 29. Re2 Rd3) 29. Kf2 {[%emt 0:05:33]} (29. g4 $142) 29... Nc5 {[%emt 0:03:27]} 30. Kf3 {[%emt 0:01:23]} Rd2 {[%emt 0:02:27]} 31. Re2 {[%emt 0:00:45]} Rxe2 {[%emt 0:00:28]} ({Black should try} 31... Rd7 $17 32. g4 fxg4+ 33. Kxg4 c6) 32. Kxe2 $2 {[%emt 0:00:06]} (32. Nxe2 $11 Ne6 33. g4) 32... Kd7 {[%emt 0:00:12]} 33. Kf3 {[%emt 0:00:31]} (33. Nb5 $17) 33... Ke6 {[%emt 0:02:49]} 34. g4 {[%emt 0:00:39]} fxg4+ {[%emt 0:00:23]} 35. Kxg4 {[%emt 0:00:04]} Nd3 {[%emt 0:00:27]} 36. Nd1 {[%emt 0:02:29]} b5 {[%emt 0:00:29]} 37. Kf3 {[%emt 0:01:16]} Kd5 {[%emt 0:07:34]} 38. Ke2 {[%emt 0:01:58]} c6 {[%emt 0:03:23]} 39. b4 {[%emt 0:02:25]} Ke4 {[%emt 0:01:57]} 40. Nc3+ {[%emt 0:00:00]} Kf5 {[%emt 0:00:00]} 41. Kf3 {[%emt 0:02:00]} Ne1+ {[%emt 0:01:09]} 42. Kg3 {[%emt 0:00:05]} Nc2 {[%emt 0:01:20]} 43. e4+ {[%emt 0:00:09]} Kf6 {[%emt 0:00:31]} 44. Nb1 {[%emt 0:00:08]} b6 {[%emt 0:01:43]} 45. Kf2 {[%emt 0:00:48]} g6 {[%emt 0:06:05]} 46. hxg6 {[%emt 0:00:56]} Kxg6 {[%emt 0:00:03]} 47. Kg3 {[%emt 0:01:13]} c5 {[%emt 0:00:58]} 48. Kh4 {[%emt 0:00:26]} cxb4 {[%emt 0:01:25]} 49. axb4 {[%emt 0:00:05]} Nxb4 {[%emt 0:01:39]} 50. Nc3 {[%emt 0:00:07]} Nd3 {[%emt 0:00:26]} 51. f5+ {[%emt 0:00:07]} Kf6 {[%emt 0:01:54]} 52. Nxb5 {[%emt 0:00:54]} Nf2 $2 {[%emt 0:03:10]} (52... Ke5 53. Kh5 Nc5) 53. Nc3 {[%emt 0:00:40]} b5 {[%emt 0:02:48]} (53... Ke5 $17 54. Kh5 Nxe4 55. Nxe4 Kxe4) 54. Nxb5 {[%emt 0:00:45]} (54. Kg3 $11 Nd3 55. Nxb5) 54... Nxe4 {[%emt 0:00:07]} 55. Kh5 {[%emt 0:02:27] [#]} Kxf5 $2 {[%emt 0:00:10]} (55... Kg7 $1 $19 56. Kg4 c3) 56. Kxh6 {[%emt 0:00:40]} (56. Na3 $1 $11) 56... Ke5 {[%emt 0:00:23]} 57. Kh5 {[%emt 0:01:25]} Nd6 {[%emt 0:01:30]} 58. Nc3 {[%emt 0:02:34]} Kd4 {[%emt 0:00:06]} 59. Ne2+ $2 {[%emt 0:00:42]} (59. Na2 $15) 59... Kd3 {[%emt 0:00:58]} 60. Nf4+ {[%emt 0:00:16]} Ke4 {[%emt 0:01:14]} 61. Ne2 {[%emt 0:00:17] [#]} Nb5 $1 {[%emt 0:00:17]} 62. Kg4 {[%emt 0:00:35]} Ke3 {[%emt 0:00:24]} 63. Nf4 {[%emt 0:00:17]} Nc7 {[%emt 0:00:27]} 64. Ng2+ {[%emt 0:02:25]} Kf2 {[%emt 0:02:27]} 65. Nf4 {[%emt 0:00:14] [#]} c3 $1 {[%emt 0:00:13]} 66. Nd3+ {[%emt 0:00:15]} Ke3 {[%emt 0:00:16]} (66... Ke2 $142 67. Nb4 {[#]} Na6 $1 {[%mdl 512]} 68. Na2 c2 69. Nc1+ Ke3 70. Kf5 Kd2 71. Nb3+ Kc3 72. Nc1 Nc5 73. Kg5 Nb3 74. Ne2+ Kd2 75. Nf4 c1=Q 76. Nh5 Nd4 77. Kg6 Qc6+ 78. Nf6 Qe6 $1 {[%mdl 512]} 79. Kg7 Ke1 80. Kg6 Nf3 81. Kh7 Qxf6 82. Kg8 Ne5 83. Kh7 Qg6+ 84. Kh8 Nf7#) 67. Nc1 {[%emt 0:01:00]} c2 {[%emt 0:00:59]} 68. Kf5 {[%emt 0:00:29]} Kd2 {[%emt 0:02:59]} 69. Nb3+ {[%emt 0:00:09]} Kc3 {[%emt 0:00:15]} 70. Nc1 {[%emt 0:00:14]} Kd2 $2 {[%emt 0:05:22]} (70... Nb5 $19 71. Ke4 Kd2 72. Nb3+ Kd1) 71. Nb3+ {[%emt 0:00:02]} Kd1 {[%emt 0:00:08]} (71... Kd3 $142 72. Kf4 Nd5+ 73. Kf3 Kc3 74. Nc1 Kb2 75. Ne2 Nc3 76. Nf4 Kb1 77. Nd3 Nd1 78. Kg4 Nb2 79. Nf4 c1=Q 80. Kf5 Qc5+ 81. Kf6 {[#]} Qf2 $1 {[%mdl 512]} 82. Ke5 Nc4+ 83. Ke4 Qe3+ 84. Kf5 Qf3 $1 {[%mdl 512]} 85. Kg5 Ne3 86. Kf6 Qxf4+ 87. Ke6 Qd4 88. Kf7 Qd6 89. Kg7 Nf5+ 90. Kf7 Qc6 91. Kf8 Qf6+ 92. Kg8 Qg7#) 72. Ke5 {[%emt 0:01:21]} Nb5 {[%emt 0:00:30]} 73. Kd5 {[%emt 0:02:02]} Nc3+ {[%emt 0:00:21]} 74. Kc4 {[%emt 0:00:07]} Ne4 $19 {[%emt 0:00:29]} 0-1

[Event "KAZ-ch Women 2019"]
[Site "Almaty"]
[Date "2019.04.25"]
[Round "5.4"]
[White "Kairbekova, Amina"]
[Black "Nasybullina, Alfia"]
[Result "1-0"]
[WhiteElo "1954"]
[BlackElo "2065"]
[Annotator "NA RC"]
[PlyCount "115"]
[EventDate "2019.04.21"]
[EventType "tourn"]
[EventCountry "KAZ"]
[SourceTitle "playchess.com"]
[Source "ChessBase"]
[SourceQuality "1"]
[TimeControl "40/5400+30:1800+30"]

{[%evp 20,114,43,44,32767,32767,39,39,48,50,70,67,64,62,69,54,77,67,87,57,67,45,110,42,133,138,145,140,222,145,159,108,90,57,58,0,0,-44,-48,32767,32767,32767,94,86,100,99,125,132,127,126,122,108,116,93,115,103,97,106,181,177,200,230,252,204,263,317,301,362,355,334,360,318,446,455,445,361,32767,32767,32767,32767,32767,32767,32767,32767,32767,32767,32767,314,279,292,32767,5917,1727,32767,5022,32767,4922]} 1. e4 {[%emt 0:00:00]} d6 {[%emt 0:04:17]} 2. d4 {[%emt 0:00:00]} Nd7 {[%emt 0:00:04]} 3. Nc3 {[%emt 0:01:02]} e5 {[%emt 0:00:45]} 4. Nf3 {[%emt 0:00:24]} exd4 {[%emt 0:00:36]} 5. Nxd4 {[%emt 0:00:14]} g6 {[%emt 0:00:35]} 6. Be2 {[%emt 0:00:13]} Bg7 {[%emt 0:00:41]} 7. Be3 {[%emt 0:00:18]} Ne7 {[%emt 0:03:41]} 8. O-O {[%emt 0:00:10]} Nc6 {[%emt 0:01:31]} 9. Nxc6 {[%emt 0:02:17]} bxc6 {[%emt 0:00:07]} 10. Bd4 {[%emt 0:00:01]} O-O {[%emt 0:03:27]} 11. Bxg7 {[%emt 0:00:04]} Kxg7 {[%emt 0:00:04]} 12. f4 {[%emt 0:00:32]} Qe7 {[%emt 0:03:59]} 13. Bf3 {[%emt 0:04:25]} Rb8 {[%emt 0:01:49]} 14. b3 {[%emt 0:02:56]} Ba6 {[%emt 0:00:37]} 15. Re1 {[%emt 0:00:06]} Kg8 {[%emt 0:11:29]} 16. Qd4 {[%emt 0:00:42]} Rfd8 {[%emt 0:11:47]} 17. Kh1 {[%emt 0:12:18]} ({But not} 17. Qxa7 $2 Nc5 $19) 17... Nb6 {[%emt 0:06:21]} 18. a4 {[%emt 0:01:01]} c5 {[%emt 0:00:05]} 19. Qd2 {[%emt 0:00:08]} c6 {[%emt 0:01:18]} 20. Nd1 {[%emt 0:06:29]} Nd7 {[%emt 0:02:58]} 21. Nf2 {[%emt 0:00:46]} Rb4 {[%emt 0:00:23]} (21... Nf8 $1 $14) 22. Rad1 {[%emt 0:00:31]} Nf8 {[%emt 0:01:15] [#]} 23. f5 $1 {[%emt 0:01:32]} f6 {[%emt 0:02:54]} (23... Rd4 $16 24. Qa5 Bc8) 24. Ng4 {[%emt 0:02:18]} Rd4 {[%emt 0:02:06]} 25. Qa5 {[%emt 0:10:25]} Bc8 {[%emt 0:01:01]} 26. Rxd4 {[%emt 0:00:40]} ({White should try} 26. b4 $16) 26... cxd4 {[%emt 0:00:06]} 27. Qb4 {[%emt 0:00:01]} (27. c3 $16) 27... c5 {[%emt 0:01:17]} 28. Qc4+ {[%emt 0:01:17]} Kg7 {[%emt 0:00:09]} 29. e5 dxe5 {[%emt 0:01:25]} 30. Rxe5 {[%emt 0:00:36] [#]} Qf7 $2 {[%emt 0:06:40]} (30... Qd6 $1 $17 {stays on course.} 31. Rxc5 Bxf5) 31. Qxf7+ {[%emt 0:04:56]} ({Reject} 31. Qxc5 $6 Nd7 $11 {[%mdl 64] Double Attack}) ({Much weaker is} 31. Rxc5 $6 Qxc4 32. Rxc4 Bxf5 $11) 31... Kxf7 {[%emt 0:00:06]} 32. fxg6+ {[%emt 0:00:50]} Kxg6 {[%emt 0:02:29]} 33. Rxc5 {[%emt 0:00:57]} Bf5 {[%emt 0:00:58]} 34. Nf2 {[%emt 0:03:20]} Ne6 {[%emt 0:01:48]} 35. Rc6 {[%emt 0:00:28]} Ng5 {[%emt 0:01:08]} 36. Bg4 {[%emt 0:04:25]} Re8 {[%emt 0:02:49]} 37. Bxf5+ {[%emt 0:01:21]} Kxf5 {[%emt 0:00:07]} 38. h4 {[%emt 0:00:15]} Ne6 {[%emt 0:04:35]} (38... Ne4 $16) 39. Kh2 {[%emt 0:01:34]} Kf4 {[%emt 0:00:28]} 40. b4 {[%emt 0:00:00]} f5 {[%emt 0:00:00]} 41. Nd3+ {[%emt 0:03:16]} Kg4 {[%emt 0:03:02]} 42. b5 {[%emt 0:03:20]} Kxh4 {[%emt 0:05:41]} 43. a5 {[%emt 0:00:06]} Ng5 {[%emt 0:01:29]} 44. b6 {[%emt 0:00:19]} axb6 {[%emt 0:00:05]} 45. axb6 {[%emt 0:00:08]} Ne4 {[%emt 0:02:14]} (45... Rb8 $142 46. Ne5 Ne4 47. Nf3+ Kh5 48. Nxd4 Kg4) 46. b7 {[%emt 0:03:47]} Rb8 {[%emt 0:00:06]} 47. Rh6+ {[%emt 0:00:04]} Kg5 {[%emt 0:00:15]} 48. Rxh7 {[%emt 0:00:05]} Kf6 {[%emt 0:02:59]} 49. Rd7 {[%emt 0:00:43]} Kg5 {[%emt 0:00:53]} 50. g3 {[%emt 0:00:56]} Kf6 {[%emt 0:00:43]} 51. Kg2 {[%emt 0:00:15]} Ke6 {[%emt 0:12:21]} 52. Rxd4 {[%emt 0:00:09]} Ke7 {[%emt 0:00:05]} 53. Rb4 {[%emt 0:01:24]} Kd6 {[%emt 0:00:15]} 54. g4 {[%emt 0:00:51]} Nc5 {[%emt 0:08:14]} 55. Rd4+ {[%emt 0:00:49]} Kc6 {[%emt 0:00:16]} 56. Rc4 {[%emt 0:00:05]} Rxb7 {[%emt 0:00:20]} 57. Rxc5+ {[%emt 0:00:16]} Kd6 $18 {[%emt 0:00:05]} 58. gxf5 {[%emt 0:00:25] Kd5} 1-0

[Event "KAZ-ch Women 2019"]
[Site "Almaty"]
[Date "2019.04.25"]
[Round "5.5"]
[White "Davletbayeva, Madina"]
[Black "Dauletova, Gulmira"]
[Result "1/2-1/2"]
[WhiteElo "2286"]
[BlackElo "2262"]
[Annotator "TA"]
[PlyCount "197"]
[EventDate "2019.04.21"]
[EventType "tourn"]
[EventCountry "KAZ"]
[SourceTitle "playchess.com"]
[Source "ChessBase"]
[SourceQuality "1"]

{[%evp 11,197,22,46,35,36,20,28,34,32,21,34,16,31,25,54,18,47,35,55,49,81,58,74,45,54,35,156,188,138,78,84,70,67,57,72,82,75,33,19,30,21,0,0,1,45,-21,-20,-46,-54,-124,-117,-102,-132,-116,-136,-745,-714,-794,-777,-708,-248,-200,-135,-111,-40,-40,-38,-39,-60,-41,0,0,0,-8,0,-312,-297,-236,-14,-41,-55,-54,-55,-69,-61,-62,0,-100,-45,-150,0,0,-2,-27,-27,-62,0,0,0,-443,-449,-390,-318,-289,0,0,10,0,0,0,0,0,43,0,0,0,0,0,0,0,0,0,0,0,0,0,0,0,0,0,0,0,0,0,0,0,0,0,0,0,0,0,0,0,0,0,0,0,0,0,172,0,436,432,414,0,258,0,0,0,0,0,17,12,12,12,16,0,0,0,0,0,0,0,0,0,0,0,0,0,0,0,0,0,0,0,0,0]} 1. e4 c5 2. Nf3 e6 3. d4 cxd4 4. Nxd4 Nc6 5. Nc3 Qc7 6. Be3 a6 7. Qf3 {B48: Sicilian: Taimanov: 5 Nc3 Qc7 6 Be3 a6 without Be2} Nf6 8. O-O-O Ne5 9. Qg3 {White has an edge.} b5 {Threatening ...b4.} 10. f4 Neg4 $1 11. Bg1 (11. Bd2 b4 12. Na4 h5 13. Bd3 d5 14. e5 Ne4 15. Bxe4 dxe4 {½-½ (48) Caruana,F (2832)-Shankland,S (2724) Germany 2019}) 11... b4 12. Na4 h5 13. Bd3 $36 {[%mdl 2048] White has some pressure.} Bb7 14. h3 h4 15. Qf3 $146 Nh6 16. Bf2 d5 17. e5 Ne4 18. Bxh4 Qa5 (18... Nf5 $14 19. Bf2 Be7) 19. b3 $1 $16 Nc3 20. Nxc3 (20. Bf2 $142 $1) 20... bxc3 21. Rde1 (21. a4 $2 Qc5 $19) 21... Bc5 22. Bf2 $1 Qxa2 {[%cal Ra2a1]} 23. Kd1 {Threatens to win with Nxe6!} Qa5 24. g4 Qb6 25. Qe3 Ng8 26. Ke2 Ne7 27. b4 $1 {[%cal Rb4c5]} Bxb4 28. Rb1 (28. f5 $1 $14) 28... Nc6 29. Nxc6 Qxc6 30. Qb6 {[#]} (30. Rxb4 $15 d4 {[%mdl 64] Discovered Attack} 31. Qe4 Qxe4+ 32. Bxe4 Bxe4 33. Rh2) 30... d4 $1 $17 {[%mdl 512]} 31. Qxc6+ (31. Qxd4 Qf3+) 31... Bxc6 32. Rh2 Bc5 33. Bxa6 $2 {[%mdl 8192]} (33. h4 $17) 33... Rxa6 $19 34. Rb8+ Kd7 35. Rxh8 Bb5+ $2 (35... Ra2 36. Kd3 Bb5+ 37. Ke4 d3 38. Bxc5 d2) 36. Kf3 d3 37. cxd3 (37. Bxc5 $2 d2 $19) 37... c2 (37... Ra2 $1 $17 38. Rd8+ Kc7 39. Bxc5 Rxh2) 38. Be3 $15 Bc6+ 39. Kg3 {White wants to play Bc1.} Bxe3 40. Rxc2 Ra1 {White must now prevent ...Rf1.} 41. Rf8 $1 {[%cal Rf8f7]} Rg1+ 42. Kh4 Ke7 43. Rc8 $2 {[%mdl 8192]} (43. Rg8 $11 {and White has nothing to worry.} Bd7 44. Kg5) 43... Bd7 $19 44. R8c4 Rd1 $2 (44... f6 $1 $19 {[%cal Rf6e5]} 45. exf6+ Kxf6 46. g5+ Kf5) 45. R2c3 Bf2+ {[%mdl 1024] Black has compensation.} 46. Kg5 Bb6 47. Rb3 Bd8 48. Kh4 {[#]} Rg1 (48... Bc6 $1 $15 {[%mdl 512]} 49. Rb8 (49. Rxc6 Kd7+) 49... Bh1) 49. d4 (49. Rb8 $11) 49... Ke8+ ({Better is} 49... Kf8+ $17 50. g5 Ba5 51. Rb8+ Ke7) 50. Kh5 (50. g5 $15) 50... Rh1 (50... Rf1 $1 $17 51. d5 exd5) 51. g5 $11 Rg1 52. Rbc3 Ba5 53. Rc1 g6+ ({Black should play} 53... Rg3 $15 54. Ra1 Rxh3+ 55. Kg4 Rc3 56. Rxc3 Bxc3) 54. Kh6 Rg3 {aiming for ...Kf8.} 55. d5 $2 {[%mdl 8192]} (55. Kg7 $11) 55... exd5 $19 56. Rc5 Bb6 57. Rxd5 Be6 $2 ({And not} 57... Rxh3+ 58. Kg7 $11) ({Weaker is} 57... Bxh3 58. Kg7 $11) (57... Kf8 $1 $19 {[%cal Rg3h3]} 58. Rh1 Bc6 $1 {[%mdl 576] Skewer}) 58. Rd6 $11 Rxh3+ (58... Kf8 $5 59. Rh1 $8 Be3 60. Rxe6 fxe6 61. Kxg6 Ke7 $11) 59. Kg7 Rb3 60. Ra1 Bc7 61. Ra8+ Bb8 62. Kf6 (62. Rxe6+ $5 fxe6 63. Kxg6 $16) 62... Bc8 63. Rd4 Rb6+ 64. Kg7 Ke7 65. Rc4 Bd7 66. Rd4 Bc6 67. Ra2 Rb7 68. Ra6 Bd7 69. Ra8 {Rxd7+! is the strong threat.} Be6 70. Ra6 Bc7 71. Ra8 Bb8 72. Ra6 Rb3 73. Ra8 Bg4 74. Ra6 Be6 75. Ra8 Rb6 76. Ra5 Bb3 77. Ra8 Ke6 78. Rd8 Bc7 79. Re8+ Kd7 80. Kf8 Kc6 $2 (80... Re6 $11 81. Rxe6 Bxe6) 81. Kg7 $2 (81. Re7 $18) 81... Kb7 $2 {[%mdl 8192]} (81... Kd7 $11 {and Black is okay.}) 82. Ra3 $18 Rb4 {[#]} 83. Rea8 $2 ({White should try} 83. Rxb3 $1 $18 {[%mdl 512]} Rxb3 84. Re7 (84. Kxf7 Rf3 $11)) 83... Bb6 $2 {[%mdl 8192] [#]} (83... Bd5 $11 84. R3a7+ Kb6) 84. Rf8 $2 (84. Rxb3 $1 $18 {[%mdl 512]} Rxb3 85. Rf8) 84... Bc5 $11 {The position is equal.} 85. Re8 Be6 86. Rc3 Bb6 87. Re7+ Ka6 88. Rf3 {And now Rxe6! would win.} Bd5 89. Rf1 Be3 90. Rxf7 Bxf7 91. Kxf7 {Strongly threatening e6.} Bxf4 {[%mdl 4096] Endgame KRB-KR} 92. e6 Bxg5 93. e7 Bxe7 94. Kxe7 {KR-KR} g5 95. Rg1 g4 96. Kf6 Kb5 97. Kf5 Kc5 98. Rxg4 Rxg4 99. Kxg4 {Accuracy: White = 55%, Black = 52%.} 1/2-1/2

[Event "KAZ-ch Women 2019"]
[Site "Almaty"]
[Date "2019.04.26"]
[Round "6.1"]
[White "Kamalidenova, Meruert"]
[Black "Dauletova, Gulmira"]
[Result "0-1"]
[WhiteElo "2051"]
[BlackElo "2262"]
[Annotator "TA"]
[PlyCount "68"]
[EventDate "2019.04.21"]
[EventType "tourn"]
[EventCountry "KAZ"]
[SourceTitle "playchess.com"]
[Source "ChessBase"]
[SourceQuality "1"]

{[%evp 15,68,16,18,13,18,0,0,-10,-1,-10,0,-41,-12,-33,7,20,19,-25,-7,-39,-29,-62,-47,-53,-39,-31,17,21,15,-45,-41,-48,-45,-40,-7,-7,0,-705,-694,-676,-630,-821,-825,-1010,-999,-955,-932,-1083,-1068,-1185,-1100,-29961,-29953,-29995,-29996]} 1. e4 c5 2. Nf3 e6 3. d4 cxd4 4. Nxd4 Nc6 5. Nc3 Qc7 6. Be3 a6 7. a3 Nf6 8. Be2 Be7 9. g4 {B48: Sicilian: Taimanov: 5 Nc3 Qc7 6 Be3 a6 without Be2} (9. f4 d6 10. g4 d5 11. e5 Nd7 12. g5 Bc5 13. Qd2 Nxd4 14. Bxd4 Bxd4 15. Qxd4 Qb6 16. O-O-O Qxd4 17. Rxd4 {0-1 (62) Bologan,V (2610)-Jakovenko,D (2735) Poikovsky 2018}) 9... h6 10. h3 $146 ({Predecessor:} 10. f4 d6 11. h4 Nxd4 12. Qxd4 e5 13. Qd1 exf4 14. Bxf4 Qb6 15. Kf1 Bd7 16. Rb1 Bc6 {0-1 (69) Mousavi,S (2456)-Firouzja,A (2521) Hamedan 2017}) 10... b5 11. f4 {The position is equal.} b4 12. axb4 Bxb4 13. Qd3 Nxd4 14. Qxd4 Bxc3+ 15. bxc3 Bb7 16. Bf3 Rc8 {[%cal Ba8c8,Bc8c4,Bc4e4][%mdl 32]} 17. Rb1 O-O 18. O-O Ba8 19. Rb3 Qc4 20. e5 Nd5 {[%cal Rd5c3]} (20... Bxf3 {is more complex.} 21. exf6 Bd5 22. fxg7 Rfe8 23. Ra3 Qe2) 21. Qxc4 Rxc4 22. Bxd5 (22. Bd2 $1 $11) 22... Bxd5 $15 23. Ra3 Re4 $36 {[%mdl 2048] Black has some pressure.} 24. Kf2 f6 (24... Ra8 {seems wilder.} 25. Rfa1 Rc8 26. Rb1 Kh7 27. Rb6 g5) 25. exf6 Rxf6 26. Rxa6 $2 {[%mdl 8192] [#]} (26. Rd1 $11) 26... Rexf4+ $19 27. Bxf4 Rxf4+ 28. Kg3 Rxf1 {[%mdl 4096] Endgame KRB-KR} 29. Ra7 Rf3+ 30. Kh2 Bc6 31. Ra3 e5 32. Rb3 e4 33. Kg1 e3 34. Rb1 Rxh3 0-1